Landy byłej NRD - Statystyki

Ogólne statystyki
  • Ten quiz został rozwiązany 45 razy
  • Średni wynik to 4 z 6
Statystyki odpowiedzi
Powierzchniakm² Odpowiedź % Poprawnych
892 Berlin
92%
18 416 Saksonia
89%
29 479 Brandenburgia
74%
23 174 Meklemburgia-Pomorze przednie
68%
20 452 Saksonia-Anhalt
63%
16 171 Turyngia
47%
Nie znaleziono quizów pasujących do podanych kryteriów
Rozkład punktacji
Procent ludzi z każdym wynikiem
Percentyl według liczby udzielonych odpowiedzi
Twoja historia wyników
Nie rozwiązałeś tego quizu